| 000 | 00407nam a22001697a 4500 | ||
|---|---|---|---|
| 999 |
_c526048 _d526048 |
||
| 003 | NUST | ||
| 038 | _awaseem | ||
| 082 |
_a891.421 _bMAL |
||
| 100 |
_aMalik, Irfan _917005 |
||
| 245 |
_aAkath / _cIrfan Malik |
||
| 260 |
_aU.S.A : _bAcadamy of Punjab. _c[s.l] |
||
| 300 | _a112 p. ; | ||
| 500 | _aHardcover. | ||
| 880 |
_6100-01\r _aعرفان ملک |
||
| 880 |
_6245-02\r _aاکتھ / |
||
| 942 |
_2ddc _cBK |
||